[Event "Agneaux St Lo U18 op"]
[Site "Agneaux"]
[Date "2004.07.11"]
[Round "4"]
[White "Serel, Alexis"]
[Black "Areshchenko, Kateryna"]
[Result "1/2-1/2"]
[WhiteElo "1970"]
[BlackElo "2214"]
[PlyCount "87"]
[EventDate "2004.07.08"]
[EventType "swiss"]
[EventRounds "9"]
[EventCountry "FRA"]
[SourceTitle "EXT 2005"]
[Source "ChessBase"]
[SourceDate "2004.11.15"]
[SourceVersion "1"]
[SourceVersionDate "2004.11.15"]
[SourceQuality "1"]

1. e4 c5 2. Nf3 Nc6 3. d4 cxd4 4. Nxd4 Nf6 5. Nc3 e5 6. Ndb5 d6 7. Nd5 Nxd5 8. exd5 Ne7 9. a4 a6 10. Nc3 b6 11. Be2 Ng6 12. 0-0 Be7 13. Na2 0-0 14. Nb4 Bb7 15. f3 Bg5 16. Bd3 Bxc1 17. Rxc1 Qh4 18. c3 f5 19. Qe1 Qg5 20. Qg3 Qh6 21. c4 Nf4 22. Rfd1 a5 23. Na2 e4 24. Bf1 Rf6 25. Qf2 e3 26. Qe1 Re8 27. Nc3 Rg6 28. g3 Qh5 29. Bg2 Nxg2 30. Kxg2 Rh6 31. h4 Rg6 32. Rd4 Bc8 33. Ne2 Rh6 34. Nf4 Qf7 35. Rd3 Qf6 36. Rxe3 Qxb2+ 37. Re2 Rxe2+ 38. Qxe2 Qf6 39. Qe8+ Qf8 40. Re1 Rf6 41. Qxf8+ Kxf8 42. Rb1 Ba6 43. Rxb6 Bxc4 44. Rb8+ 1/2-1/2